| 000 | 00890nac a22002777a 4500 | ||
|---|---|---|---|
| 001 | BR9300074 | ||
| 003 | BR-BrBNA | ||
| 005 | 20240105121323.0 | ||
| 008 | 230509b bl.|||m| |||| 00| 0 por d | ||
| 040 |
_aBR-BrBNA _bpor _cBiblioteca Nacional de Agricultura |
||
| 072 | _aE16 | ||
| 090 | _a0120 BR9300074 | ||
| 100 | 1 | _aCalegar, G.M. | |
| 110 | 1 | _aCentro de Pesquisa Agropecuaria do Tropico Semi-Arido, Petrolina, PE (Brasil) | |
| 245 | 1 | _aAnalise economica de um experimento de sintese | |
| 260 | 3 |
_aPetrolina, PE (Brasil): _c1990. |
|
| 300 | _a14 p. | ||
| 490 |
_aDocumentos - Centro de Pesquisa Agropecuaria do Tropico Semi-Arido (Brazil) _vno. 69 _xISSN 0100-9729 |
||
| 500 | _a7 tables | ||
| 650 | _aMilho | ||
| 650 | _aFeijao | ||
| 650 | _aAnalise Economica | ||
| 650 | _aCusto de Producao | ||
| 909 |
_a202312 _bLúcia Elande _c55 _dLúcia Elande |
||
| 942 |
_2AGRIS _n0 _cMS |
||
| 999 |
_c284619 _d284619 |
||